000 00403nam a2200121Ia 4500
008 220615s9999||||xx |||||||||||||| ||und||
245 0 _aAutomobiles and the Future
_bCompetition, Cooperation, and Change
546 _aEnglish[eng]
650 _aSociology and anthropology
700 _aCole, Robert E.
856 _uhttps://library.oapen.org/bitstream/20.500.12657/41848/1/9780472902088.pdf
942 _cEB
999 _c14427
_d14427